[Event "Niedersachsen-ch"]
[Site "Verden an der Aller"]
[Date "2024.01.06"]
[Round "5"]
[White "Evering, Soeren"]
[Black "Mimkes, Antal"]
[Result "1/2-1/2"]
[WhiteElo "2034"]
[BlackElo "1823"]
[PlyCount "86"]
[EventDate "2024.01.04"]
[EventType "swiss"]
[EventRounds "7"]
[EventCountry "GER"]
[SourceTitle "CB02_2024"]
[SourceDate "2024.01.10"]
[SourceVersion "1"]
[SourceVersionDate "2024.01.10"]
[SourceQuality "1"]

1. e4 c5 2. Nf3 Nc6 3. d4 cxd4 4. Nxd4 Nf6 5. Nc3 e6 6. Nxc6 bxc6 7. e5 Nd5 8. Ne4 Qc7 9. f4 Qb6 10. c4 Ne3 11. Qd3 Bb4+ 12. Bd2 a5 13. Rc1 Nf5 14. a3 Bxd2+ 15. Qxd2 0-0 16. c5 Qb3 17. Bc4 Qe3+ 18. Qxe3 Nxe3 19. Kf2 Nxc4 20. Rxc4 Ba6 21. Rd4 Rab8 22. b4 axb4 23. axb4 Ra8 24. Rxd7 Bc4 25. Rd4 Ra2+ 26. Rd2 Rxd2+ 27. Nxd2 Bd5 28. Ra1 f6 29. exf6 Rxf6 30. g3 e5 31. Ke3 exf4+ 32. gxf4 Rh6 33. Kd4 Rxh2 34. Ne4 Rb2 35. Ra8+ Kf7 36. Nd6+ Kf6 37. Rf8+ Ke7 38. Re8+ Kf6 39. b5 Rb4+ 40. Kc3 Rb3+ 41. Kd4 Rb4+ 42. Kc3 Rb3+ 43. Kd4 Rb4+ 1/2-1/2

[Event "GER-ch U16"]
[Site "Willingen"]
[Date "2022.06.11"]
[Round "9"]
[White "Rempe, Jonas"]
[Black "Mimkes, Antal"]
[Result "1-0"]
[WhiteElo "1856"]
[BlackElo "1696"]
[PlyCount "75"]
[EventDate "2022.06.04"]
[EventType "swiss"]
[EventRounds "9"]
[EventCountry "GER"]
[SourceTitle "CBM 208 Extra"]
[Source "ChessBase"]
[SourceDate "2022.07.31"]
[SourceVersion "1"]
[SourceVersionDate "2022.07.31"]
[SourceQuality "1"]

1. e4 e5 2. Nf3 Nc6 3. Bb5 f5 4. d3 Nf6 5. Nc3 Bc5 6. 0-0 0-0 7. exf5 d6 8. Ne4 Bb6 9. Bg5 Kh8 10. Nh4 Nd4 11. Bxf6 gxf6 12. Qh5 Nxb5 13. Ng6+ Kg7 14. Nxf8 Qxf8 15. a4 Nd4 16. a5 d5 17. axb6 dxe4 18. dxe4 cxb6 19. Ra3 Bd7 20. Rh3 Qh8 21. c3 Nc6 22. Rd1 Be8 23. Rg3+ Kf8 24. Qh6+ Kf7 25. Rd6 Ne7 26. Re6 Rd8 27. Rg7+ Qxg7 28. Rxe7+ Kxe7 29. Qxg7+ Bf7 30. h3 h5 31. Qh6 Rd3 32. f4 exf4 33. Qxf4 Rd7 34. e5 fxe5 35. Qxe5+ Kd8 36. g4 Rd1+ 37. Kg2 Bd5+ 38. Kg3 1-0

[Event "GER-ch U16"]
[Site "Willingen"]
[Date "2022.06.10"]
[Round "8"]
[White "Mimkes, Antal"]
[Black "Spriestersbach, Kai"]
[Result "1-0"]
[WhiteElo "1696"]
[BlackElo "1948"]
[PlyCount "51"]
[EventDate "2022.06.04"]
[EventType "swiss"]
[EventRounds "9"]
[EventCountry "GER"]
[SourceTitle "CBM 208 Extra"]
[Source "ChessBase"]
[SourceDate "2022.07.31"]
[SourceVersion "1"]
[SourceVersionDate "2022.07.31"]
[SourceQuality "1"]

1. e4 c5 2. Nc3 Nc6 3. f4 g6 4. Nf3 Bg7 5. g3 d6 6. Bg2 e6 7. 0-0 Nge7 8. d3 0-0 9. Rb1 Rb8 10. a4 b6 11. g4 f5 12. exf5 gxf5 13. g5 a6 14. h4 Qe8 15. Ne2 e5 16. Ng3 Be6 17. h5 Nd5 18. h6 Bh8 19. Nh4 Nxf4 20. Bxf4 exf4 21. Nh5 f3 22. Bxf3 Nd4 23. Bg2 Nxc2 24. Ng7 Qxa4 25. Nxe6 Qxh4 26. Qxc2 1-0

[Event "GER-ch U16"]
[Site "Willingen"]
[Date "2022.06.08"]
[Round "5"]
[White "Mimkes, Antal"]
[Black "Foerster Yialamas, Lucas"]
[Result "0-1"]
[WhiteElo "1696"]
[BlackElo "2117"]
[PlyCount "74"]
[EventDate "2022.06.04"]
[EventType "swiss"]
[EventRounds "9"]
[EventCountry "GER"]
[SourceTitle "CBM 208 Extra"]
[Source "ChessBase"]
[SourceDate "2022.07.31"]
[SourceVersion "1"]
[SourceVersionDate "2022.07.31"]
[SourceQuality "1"]

1. d4 Nf6 2. g4 Nxg4 3. e4 d6 4. h3 Nf6 5. Nc3 c6 6. Nf3 g6 7. Be3 Bg7 8. Qd2 Qa5 9. Be2 h6 10. 0-0-0 Be6 11. d5 cxd5 12. exd5 Bd7 13. Nd4 Na6 14. Nb3 Qd8 15. Bf3 h5 16. Ne4 Bf5 17. Nxf6+ Bxf6 18. Bd4 Rc8 19. Bc3 e5 20. Kb1 Qc7 21. Be2 Nc5 22. Nxc5 Qxc5 23. Bd3 Bxd3 24. Qxd3 Qc4 25. Qe3 0-0 26. Qc1 Qb5 27. Bd2 Rfd8 28. Bg5 Bxg5 29. Qxg5 Qc4 30. Qd2 Rc5 31. Rhg1 Kh7 32. c3 Rdc8 33. Rg3 b5 34. Ka1 b4 35. b3 bxc3 36. Qc2 Qf4 37. Rdg1 Qd2 0-1

[Event "GER-ch U16"]
[Site "Willingen"]
[Date "2022.06.06"]
[Round "3"]
[White "Sidletskyi, Ivan"]
[Black "Mimkes, Antal"]
[Result "1/2-1/2"]
[WhiteElo "2084"]
[BlackElo "1696"]
[PlyCount "63"]
[EventDate "2022.06.04"]
[EventType "swiss"]
[EventRounds "9"]
[EventCountry "GER"]
[SourceTitle "CBM 208 Extra"]
[Source "ChessBase"]
[SourceDate "2022.07.31"]
[SourceVersion "1"]
[SourceVersionDate "2022.07.31"]
[SourceQuality "1"]

1. e4 e5 2. Nf3 Nc6 3. Bc4 Nf6 4. d3 d5 5. exd5 Nxd5 6. 0-0 Bc5 7. Re1 0-0 8. Nxe5 Nxe5 9. Rxe5 Bxf2+ 10. Kxf2 Qh4+ 11. Kf1 Qf6+ 12. Qf3 Qxe5 13. Bxd5 c6 14. Bb3 Qxh2 15. Be3 a5 16. Nc3 a4 17. Nxa4 Ra5 18. g4 h5 19. Qg2 Qe5 20. Re1 Bxg4 21. Bc5 Qf4+ 22. Qf2 Rxa4 23. Bxa4 Qxa4 24. Bxf8 Kxf8 25. Qe3 Be6 26. c4 Qa5 27. Qe5 Qd2 28. Qb8+ Ke7 29. Qc7+ Ke8 30. Qb8+ Ke7 31. Qc7+ Ke8 32. Qb8+ 1/2-1/2

[Event "GER-ch U14"]
[Site "Willingen"]
[Date "2020.10.23"]
[Round "5"]
[White "Farokhi, Keyvan"]
[Black "Mimkes, Antal"]
[Result "1-0"]
[WhiteElo "2001"]
[BlackElo "1567"]
[PlyCount "101"]
[EventDate "2020.10.19"]
[EventType "swiss"]
[EventRounds "7"]
[EventCountry "GER"]
[SourceTitle "EXT 2022"]
[Source "ChessBase"]
[SourceDate "2021.10.06"]
[SourceVersion "1"]
[SourceVersionDate "2021.10.06"]
[SourceQuality "1"]

1. e4 e5 2. Nf3 Nc6 3. Bb5 f5 4. d4 fxe4 5. Nxe5 Nf6 6. Bg5 Be7 7. Nc3 0-0 8. Bc4+ d5 9. Bxf6 dxc4 10. Nxc6 bxc6 11. Bxe7 Qxe7 12. Qe2 Qf7 13. 0-0 Bf5 14. Nxe4 Rae8 15. f3 Qd5 16. c3 c5 17. Rad1 Re6 18. dxc5 Qxc5+ 19. Nxc5 Rxe2 20. Rf2 Rfe8 21. Ne4 Rxf2 22. Kxf2 Bxe4 23. fxe4 Rxe4 24. Rd8+ Kf7 25. Rd7+ Re7 26. Rd4 Ke6 27. Rxc4 Kd5 28. Rd4+ Kc6 29. Rh4 g6 30. Rd4 Re8 31. Rd2 Re7 32. g4 h6 33. Kf3 Re8 34. h4 Re6 35. Kf4 Re8 36. g5 h5 37. Kf3 Rf8+ 38. Kg3 Re8 39. Rf2 Kd7 40. Rf6 Rg8 41. Ra6 Ke7 42. Rxa7 Rc8 43. b4 Kf8 44. a4 c5 45. b5 Rd8 46. b6 Rd3+ 47. Kf4 Rd1 48. b7 Rf1+ 49. Ke3 Re1+ 50. Kd2 Re8 51. Ra8 1-0

[Event "GER-ch U14"]
[Site "Willingen"]
[Date "2020.10.23"]
[Round "6"]
[White "Mimkes, Antal"]
[Black "Pfeffer, Samuel"]
[Result "1/2-1/2"]
[WhiteElo "1567"]
[BlackElo "1427"]
[PlyCount "112"]
[EventDate "2020.10.19"]
[EventType "swiss"]
[EventRounds "7"]
[EventCountry "GER"]
[SourceTitle "EXT 2022"]
[Source "ChessBase"]
[SourceDate "2021.10.06"]
[SourceVersion "1"]
[SourceVersionDate "2021.10.06"]
[SourceQuality "1"]

1. e4 e5 2. f4 Bc5 3. Nf3 d6 4. Bc4 Nc6 5. Nc3 Nf6 6. d3 Bg4 7. h3 Bxf3 8. Qxf3 Nd4 9. Qd1 Nd7 10. g3 c6 11. Na4 Qa5+ 12. c3 b5 13. Nxc5 dxc5 14. Bd2 Nc2+ 15. Qxc2 bxc4 16. dxc4 exf4 17. Bxf4 0-0 18. 0-0 Rfe8 19. Bd6 Re6 20. Qf2 f6 21. Qf4 Rae8 22. Bc7 Qa6 23. Qd2 Qc8 24. Bf4 Nb6 25. b3 Rxe4 26. Rae1 a5 27. Rxe4 Rxe4 28. Re1 Rxe1+ 29. Qxe1 Qd7 30. Bc7 Nc8 31. Bxa5 Kf7 32. Kg2 Qd3 33. Qf2 Nd6 34. Kh2 Ne4 35. Qg2 Ng5 36. Qf2 Ne4 37. Qe1 Ng5 38. Kg2 Qf3+ 39. Kg1 Nxh3+ 40. Kh2 Ng5 41. Bc7 Qd3 42. Kg2 Qf3+ 43. Kg1 Qg4 44. Qf1 Ne4 45. Qd3 h5 46. Kf1 h4 47. gxh4 Qxh4 48. Ke2 Qf2+ 49. Kd1 Qg2 50. Kc1 Qg1+ 51. Kb2 Qe1 52. a4 Nf2 53. Qc2 Nd1+ 54. Ka3 Nxc3 55. Kb2 Nd1+ 56. Ka2 Nc3+ 1/2-1/2

[Event "GER-ch U14"]
[Site "Willingen"]
[Date "2020.10.21"]
[Round "3"]
[White "Bock, Marlon"]
[Black "Mimkes, Antal"]
[Result "0-1"]
[WhiteElo "1776"]
[BlackElo "1567"]
[PlyCount "70"]
[EventDate "2020.10.19"]
[EventType "swiss"]
[EventRounds "7"]
[EventCountry "GER"]
[SourceTitle "EXT 2022"]
[Source "ChessBase"]
[SourceDate "2021.10.06"]
[SourceVersion "1"]
[SourceVersionDate "2021.10.06"]
[SourceQuality "1"]

1. d4 c5 2. e3 g6 3. f4 Bg7 4. Nf3 Nf6 5. Bd3 0-0 6. 0-0 cxd4 7. exd4 d6 8. c3 Nc6 9. Nbd2 Bg4 10. h3 Bd7 11. Ne4 Qc7 12. Qe2 Rfe8 13. Qf2 Rf8 14. Bd2 Nxe4 15. Bxe4 e5 16. fxe5 dxe5 17. Qg3 Qb6 18. Bxc6 Bxc6 19. Nxe5 Qxb2 20. Bf4 Be4 21. Rae1 Bf5 22. Rf2 Qa3 23. Kh2 Rac8 24. Re3 Rfe8 25. Rfe2 Qa6 26. Qf3 b5 27. g4 Bb1 28. Qf1 f6 29. Qxb1 fxe5 30. Qb3+ Kh8 31. Bxe5 Bxe5+ 32. Rxe5 Rxe5 33. dxe5 b4 34. c4 Qxc4 35. Qf3 Kg8 0-1

[Event "GER-ch U14"]
[Site "Willingen"]
[Date "2020.10.21"]
[Round "2"]
[White "Mimkes, Antal"]
[Black "Ohler, Julius"]
[Result "0-1"]
[WhiteElo "1567"]
[BlackElo "2011"]
[PlyCount "78"]
[EventDate "2020.10.19"]
[EventType "swiss"]
[EventRounds "7"]
[EventCountry "GER"]
[SourceTitle "EXT 2022"]
[Source "ChessBase"]
[SourceDate "2021.10.06"]
[SourceVersion "1"]
[SourceVersionDate "2021.10.06"]
[SourceQuality "1"]

1. e4 c6 2. Nc3 d5 3. d4 dxe4 4. f3 exf3 5. Nxf3 Nf6 6. Bc4 Bf5 7. 0-0 e6 8. Bg5 Be7 9. Qe2 0-0 10. Rad1 Nbd7 11. Ne5 Nb6 12. Bb3 Nbd5 13. Nxd5 cxd5 14. Ba4 Ne4 15. Bf4 Qa5 16. Bb3 Rac8 17. Qh5 Bg6 18. Nxg6 hxg6 19. Qg4 g5 20. Be5 f5 21. Qh5 Bf6 22. Qg6 Qd8 23. Ba4 Qe7 24. Qh5 Bxe5 25. dxe5 b5 26. Bb3 Qc5+ 27. Kh1 Nf2+ 28. Rxf2 Qxf2 29. Qxg5 Qe2 30. Rg1 Qxe5 31. c3 a5 32. Bd1 Qf6 33. Qg3 b4 34. Re1 bxc3 35. bxc3 Qxc3 36. Qh4 Rc4 37. Qf2 Re4 38. Rg1 d4 39. Bf3 Qe3 0-1

[Event "Niedersachsen-ch op-B"]
[Site "Verden an der Aller"]
[Date "2020.01.02"]
[Round "1"]
[White "Ewert, Stefan"]
[Black "Mimkes, Antal"]
[Result "1-0"]
[WhiteElo "1766"]
[BlackElo "1548"]
[PlyCount "77"]
[EventDate "2020.01.02"]
[EventType "swiss"]
[EventRounds "7"]
[EventCountry "GER"]
[SourceTitle "EXT 2023"]
[Source "ChessBase"]
[SourceDate "2022.10.05"]
[SourceVersion "1"]
[SourceVersionDate "2022.10.05"]
[SourceQuality "1"]

1. d4 c5 2. Nf3 cxd4 3. Nxd4 e5 4. Nf3 f5 5. Nc3 Nc6 6. a3 a5 7. g3 Nf6 8. Bg2 g6 9. Bg5 d6 10. Nd5 Bg7 11. c4 0-0 12. Qc2 Kh8 13. Rd1 h6 14. Nxf6 hxg5 15. Nd5 e4 16. Nd2 Nd4 17. Qb1 g4 18. h3 gxh3 19. Bxh3 Kg8 20. e3 Nc6 21. Ke2 Ne5 22. Rdg1 Nd3 23. b3 g5 24. Bg2 Re8 25. Rh5 Nc5 26. Rgh1 f4 27. Bh3 f3+ 28. Kd1 Re5 29. Bf1 Be6 30. b4 axb4 31. axb4 Bxd5 32. cxd5 Rxd5 33. bxc5 dxc5 34. Bc4 Bc3 35. Qxe4 Kg7 36. Rh7+ Kf8 37. Qxf3+ Rf5 38. Qxf5+ Bf6 39. Rh8+ 1-0

[Event "JBLN West 1819"]
[Site "Germany"]
[Date "2019.01.27"]
[Round "4.4"]
[White "Mimkes, Antal"]
[Black "Rothenberg, Jannik"]
[Result "0-1"]
[WhiteElo "1631"]
[BlackElo "1853"]
[PlyCount "56"]
[EventDate "2018.09.23"]
[EventType "team-tourn"]
[EventRounds "9"]
[EventCountry "GER"]
[SourceTitle "EXT 2020"]
[Source "ChessBase"]
[SourceDate "2019.10.17"]
[SourceVersion "1"]
[SourceVersionDate "2019.10.17"]
[SourceQuality "1"]
[WhiteTeam "Goettingen Rochade U20"]
[BlackTeam "Uelzen Post U20"]
[WhiteTeamCountry "GER"]
[BlackTeamCountry "GER"]

1. e4 e6 2. d4 d5 3. e5 c5 4. c3 Nc6 5. Nf3 Qb6 6. a3 Bd7 7. b4 cxd4 8. cxd4 Rc8 9. Be3 Nge7 10. Nbd2 Nf5 11. Nb3 Nb8 12. Nc5 a5 13. Rb1 axb4 14. Rxb4 Qa5 15. Bd2 Nxd4 16. Nxd4 Qxc5 17. Qb3 Qc7 18. Rxb7 Qxe5+ 19. Ne2 Nc6 20. Bf4 Qa1+ 21. Nc1 Na5 22. Qb6 Nxb7 23. Qxb7 Rxc1+ 24. Bxc1 Qxc1+ 25. Ke2 Bd6 26. Qb6 Ke7 27. Kf3 Qxa3+ 28. Ke2 Rb8 0-1

[Event "GER-ch U12"]
[Site "Willingen"]
[Date "2018.05.23"]
[Round "7"]
[White "Schulemann, Gero"]
[Black "Mimkes, Antal"]
[Result "1-0"]
[WhiteElo "1637"]
[BlackElo "1559"]
[PlyCount "69"]
[EventDate "2018.05.19"]
[EventType "swiss"]
[EventRounds "11"]
[EventCountry "GER"]
[SourceTitle "CBM 184 Extra"]
[Source "ChessBase"]
[SourceDate "2018.06.28"]
[SourceVersion "1"]
[SourceVersionDate "2018.06.28"]
[SourceQuality "1"]

1. e4 e5 2. Nf3 Nc6 3. Bc4 Nf6 4. d3 d5 5. exd5 Nxd5 6. 0-0 Bc5 7. Nbd2 0-0 8. Ne4 Be7 9. Re1 Nb6 10. Bb5 Nd4 11. Nxd4 Qxd4 12. c3 Qd8 13. Be3 c6 14. Bc4 Nxc4 15. dxc4 Be6 16. Qe2 f5 17. Nc5 Bxc5 18. Bxc5 Rf6 19. Qxe5 Rg6 20. b3 Qg5 21. g3 Qh5 22. Kg2 b5 23. Rab1 Qg4 24. f3 Qh5 25. Bxa7 Rh6 26. h4 g5 27. Bd4 Rxa2+ 28. Kg1 Rg6 29. Ra1 Ra4 30. bxa4 gxh4 31. axb5 Rxg3+ 32. Kh2 Qh6 33. Qh8+ Kf7 34. Ra7+ Kg6 35. Rxe6+ 1-0

[Event "GER-chT U10"]
[Site "Magdeburg"]
[Date "2015.12.28"]
[Round "3.1"]
[White "Stowicek, Yara Mathilda"]
[Black "Mimkes, Antal"]
[Result "1-0"]
[WhiteElo "1247"]
[BlackElo "961"]
[PlyCount "72"]
[EventDate "2015.12.27"]
[EventType "team-swiss"]
[EventRounds "7"]
[EventCountry "GER"]
[SourceTitle "EXT 2017"]
[Source "ChessBase"]
[SourceDate "2016.10.25"]
[SourceVersion "1"]
[SourceVersionDate "2016.10.25"]
[SourceQuality "1"]
[WhiteTeam "Halle Volksbank"]
[BlackTeam "Goettingen Rochade"]
[WhiteTeamCountry "GER"]
[BlackTeamCountry "GER"]

1. e4 e5 2. Nf3 Nc6 3. Bc4 Nf6 4. d3 Bc5 5. c3 0-0 6. 0-0 d6 7. h3 Qe7 8. Bg5 Be6 9. Bb3 Rfe8 10. Nbd2 Rad8 11. Re1 h6 12. Bh4 g5 13. Bg3 Nh7 14. Nf1 h5 15. d4 exd4 16. cxd4 Bb4 17. Re2 h4 18. Bh2 Kh8 19. d5 Bxh3 20. gxh3 Ne5 21. Bxe5+ dxe5 22. N1h2 Qd7 23. Ng4 f5 24. exf5 Qxf5 25. Nfxe5 Nf6 26. Bc2 Qf4 27. Ng6+ Kg7 28. Nxf4 gxf4 29. Rxe8 Rxe8 30. Qd4 Be7 31. Re1 Kf7 32. Rxe7+ Rxe7 33. Qxf6+ Ke8 34. Bg6+ Kd8 35. Ne5 f3 36. Qf8+ Re8 1-0

[Event "Niedersachsen-ch U10"]
[Site "Norderney"]
[Date "2014.04.17"]
[Round "10"]
[White "Mimkes, Antal"]
[Black "Rudi, Jonathan"]
[Result "0-1"]
[WhiteElo "801"]
[BlackElo "922"]
[PlyCount "53"]
[EventDate "2014.04.??"]
[EventType "swiss"]
[EventRounds "11"]
[EventCountry "GER"]
[SourceTitle "EXT 2017"]
[Source "ChessBase"]
[SourceDate "2016.10.25"]
[SourceVersion "1"]
[SourceVersionDate "2016.10.25"]
[SourceQuality "1"]

1. e4 e5 2. f4 d6 3. fxe5 dxe5 4. Bc4 Nf6 5. Nc3 Bc5 6. Nf3 Nc6 7. Bb3 Bg4 8. h3 Bh5 9. d3 Nd4 10. Be3 Nxf3+ 11. gxf3 Bxe3 12. Nd5 Nxd5 13. exd5 Qf6 14. Ba4+ c6 15. Rf1 0-0 16. Qe2 Bf4 17. dxc6 bxc6 18. Qe4 Rac8 19. c4 Bg3+ 20. Kd1 Rfd8 21. Bc2 Rd4 22. Qe3 Bf4 23. Qg1 a5 24. Qg2 Bh6 25. Rg1 Bxf3+ 26. Ke1 Bxg2 27. Rxg2 0-1